000
00289nam a2200097Ia 4500
008
200626s9999 xx 000 0 und d
020
_a
971-23-3291-8
245
_a
Commercial laws of the philippines:
_b
Volume II:/
260
_a
Manila:
_b
Rex Book Store, Inc.
_c
2001
300
_a
xlvi, 678 pages
999
_c
363872
_d
363872